Opel Models - Statistics

General Stats
  • This quiz has been taken 103 times
  • The average score is 10 of 20
Answer Stats
Picture Answer % Correct
Astra (L)
96%
Corsa (F)
85%
Insignia (B)
74%
Vectra (C)
74%
Mokka
69%
Zafira (C)
69%
Adam
64%
Kadett (C)
63%
Meriva (B)
53%
Combo
49%
Grandland
49%
Vivaro
46%
Crossland
44%
GT
43%
Agila (B)
36%
Calibra
36%
Ampera
35%
Movano
34%
Admiral (B)
16%
Diplomat (B)
16%
No matching quizzes found
Score Distribution
Percent of People with Each Score
Percentile by Number Answered
Your Score History
You have not taken this quiz